Statistics for European Cup Top Scorers Since 1980

Click here to take the quiz!

General Stats

  • This quiz has been taken 25 times
  • The average score is 7 of 19

Answer Stats

YearTop Scorer(s)% Correct
Cristiano Ronaldo
86%
2016Antoine Griezmann
71%
1988Marco van Basten
71%
2008David Villa
67%
Fernando Torres
67%
1984Michel Platini
62%
1996Alan Shearer
33%
2012Mario Balotelli
33%
Mario Gomez
33%
Karl-Heinz Riedle
24%
2004Milan Baroš
24%
2000Patrick Kluivert
24%
1992Dennis Bergkamp
19%
Henrik Larsen
14%
Mario Mandžukić
14%
Alan Dzagoev
10%
1980Klaus Allofs
10%
Tomas Brolin
10%
Savo Milošević
5%

Score Distribution

Percentile by Number Answered

Percent of People with Each Score

Your Score History

You have not taken this quiz